00000000nam##2200000za#4500
0019.662961
003CaOODSP
00520210927150353
007ta
008150407|2001||||xxc|||||     f|0| 0 eng|d
020 |a0-662-65901-5
040 |aCaOODSP|beng
041 |aeng
041 |afre
043 |an-cn---
0861 |aR2-162/1996
1101 |aCanada. |bIndian and Northern Affairs Canada.
24510|aAboriginal women: a profile from the 1996 census
250 |a2nd edition.
260 |aOttawa - Ontario : |bIndian and Northern Affairs |c2001.
300 |aEnglish text, xii, 31p. : |bgraphs, illus., references, tables ; |c28 cm.
546 |aBilingual
563 |aSpiral binding
590 |a02-22|b2002-05-31
69007|aIndigenous peoples|2gcpds
69007|aStatus of women|2gcpds
7760#|tLes femmes autochtones : |w(CaOODSP)9.633134
7760#|tAboriginal women : |w(CaOODSP)9.688718
792 |tLes femmes autochtones: un portrait d'après le recensement de 1996 |efre|w(CaOODSP)9.662962